| 000 | 00662nam a22002057a 4500 | ||
|---|---|---|---|
| 005 | 20230525061359.0 | ||
| 008 | 221210b |||||||| |||| 00| 0 eng d | ||
| 020 | _a978-621-427-043-9 | ||
| 082 | _aFil. 808.02 Ar712 2018 | ||
| 100 |
_aAriola, Mariano M. _eauthor |
||
| 245 |
_aCreative non-fiction / _cMariano M. Ariola, Rowena P. Parajas |
||
| 260 |
_aManila: _bUnlimited Book Library Service and Publishing, _cc2018. |
||
| 300 |
_ax, 213p.; _bill. |
||
| 504 | _aIncludes references | ||
| 541 | _e5962 c.1, 5963 c.2 | ||
| 650 | _aCreative writing | ||
| 650 | _aAuthorship | ||
| 650 | _aEnglish language - Rhetoric | ||
| 700 |
_aParajas, Rowena P. _eauthor |
||
| 999 |
_c350 _d350 |
||